LEADER 00786nam0-22002891i-450- 001 990001868150403321 005 20021010 035 $a000186815 035 $aFED01000186815 035 $a(Aleph)000186815FED01 035 $a000186815 100 $a20021010d--------km-y0itay50------ba 101 0 $aita 200 1 $a<>apricot blight$fWendell Paddock. 210 $aFort Collins-Colorado$cThe Agricultural Experiment Station$d1903. 215 $a14 p.$c2 tav.$d21 cm 610 0 $aPrunus armeniaca 676 $a634.21 700 1$aPaddock,$bWendell$081988 801 0$aIT$bUNINA$gRICA$2UNIMARC 901 $aBK 912 $a990001868150403321 952 $a60 MISC. B 145/5$b$fFAGBC 959 $aFAGBC 996 $aApricot blight$9401330 997 $aUNINA DB $aING01 LEADER 01214nam--2200385---450- 001 990002785890203316 005 20060720142032.0 010 $a88-204-3376-1 035 $a000278589 035 $aUSA01000278589 035 $a(ALEPH)000278589USA01 035 $a000278589 100 $a20060720d1989----km-y0itay0103----ba 101 $aita 102 $aIT 105 $a||||||||001yy 200 1 $a<> cliente e la chiave$ecome ottenere un vantaggio insuperabile attraverso la soddisfazione del cliente$fMilind M. Lele con Jagdish N. Sheth 210 $aMilano$cF. Angeli$dc1989 215 $a274 p.$d22 cm 225 2 $aFormazione permanente$hSez. 2$iNuove tecniche$v30 410 0$12001$aFormazione permanente$hSez. 2$iNuove tecniche$v30 454 1$12001$a<> customer is key$917063 461 1$1001-------$12001 606 0 $aVendite$xOrganizzazione 676 $a658.812 700 1$aLELE,$bMilind M.$089643 701 1$aSHETH,$bJagdish N.$089644 801 0$aIT$bsalbc$gISBD 912 $a990002785890203316 951 $aP10 641$bDISTRA 959 $aBK 969 $aDISTRA 979 $aDISTRA2$b10$c20060720$lUSA01$h1420 996 $aCustomer is key$917063 997 $aUNISA